000 00645nam a2200181 i 4500
001 19924
003 ES-MaACL
005 20230906152207.0
007 t|
008 021031s1874 fr |||| | fre d
100 1 _aYvernès, Emile.
_9117767
245 1 0 _aDe la récidive et du régime pénitentiaire en Europe /
_cpar Émile Yvernès.
260 _aParis :
_bGuillaumin,
_c1874.
300 _a73 p. ;
_c25 cm.
650 0 4 _aReincidencia.
_916775
650 _aDerecho penitenciario-
_zEuropa.
_9150595
852 _aES-MaACL
_jD-111(3)
_z- Encuadernado en vol. facticio, en el lomo: Estudios penitenciarios, La reincidencia
_z.- Donativo Lastres
999 _c19924
_d19924